| Tag |
First Indicator |
Second Indicator |
Subfields |
| LEADER |
00000cam a22000004a 4500 |
| 001 |
in00001820249 |
| 005 |
20151026061851.0 |
| 008 |
040209s2003 it b 001 0 ita |
| 010 |
|
|
|a 2004374937
|
| 020 |
|
|
|a 8843028189
|
| 035 |
|
|
|a (OCoLC)ocm54344072
|
| 040 |
|
|
|a DLC
|c DLC
|d C3L
|d TXA
|d UtOrBLW
|
| 042 |
|
|
|a pcc
|
| 043 |
|
|
|a e-it---
|
| 045 |
|
|
|a v0w1
|a w1w9
|
| 049 |
|
|
|a TXAM
|
| 050 |
0 |
0 |
|a PQ4710
|b .P59 2003
|
| 082 |
0 |
0 |
|a 851/.7
|2 22
|
| 100 |
1 |
|
|a Polizzi, Gaspare,
|d 1955-
|
| 245 |
1 |
0 |
|a Leopardi e le ragioni della verità :
|b scienze e filosofia della natura negli scritti leopardiani /
|c Gaspare Polizzi ; prefazione di Remo Bodei.
|
| 250 |
|
|
|a 1a ed.
|
| 264 |
|
1 |
|a Roma :
|b Carocci,
|c 2003.
|
| 300 |
|
|
|a xix, 288 pages ;
|c 22 cm.
|
| 336 |
|
|
|a text
|b txt
|2 rdacontent
|
| 337 |
|
|
|a unmediated
|b n
|2 rdamedia
|
| 338 |
|
|
|a volume
|b nc
|2 rdacarrier
|
| 490 |
1 |
|
|a Studi storici Carocci ;
|v 47
|
| 504 |
|
|
|a Includes bibliographical references and index.
|
| 600 |
1 |
0 |
|a Leopardi, Giacomo,
|d 1798-1837
|x Criticism and interpretation.
|
| 600 |
1 |
0 |
|a Leopardi, Giacomo,
|d 1798-1837
|x Knowledge
|x Philosophy.
|
| 600 |
1 |
0 |
|a Leopardi, Giacomo,
|d 1798-1837
|x Knowledge
|x Nature.
|
| 830 |
|
0 |
|a Studi storici Carocci ;
|v 47.
|
| 948 |
|
|
|a cataloged
|b h
|c 2004/5/21
|d c
|e jgreene
|f 1:57:52 pm
|
| 994 |
|
|
|a E0
|b TXA
|
| 999 |
|
|
|a MARS
|
| 999 |
f |
f |
|s a9623a0d-9fe4-3da1-8f8f-7faa4327ed49
|i acc29283-4861-35f9-b3d5-8c1d2173f962
|t 0
|
| 952 |
f |
f |
|p ric
|a Texas A&M University
|b Rellis Campus
|c Joint Library Facility
|d Remote Storage
|t 0
|e PQ4710 .P59 2003
|h Library of Congress classification
|i unmediated -- volume
|m A14831175720
|
| 998 |
f |
f |
|a PQ4710 .P59 2003
|t 0
|l Remote Storage
|